Tolkien - What race am I? - Statistics

General Stats
  • This quiz has been taken 125 times
  • The average score is 22 of 32
Answer Stats
Question Answer % Correct
Smaug Dragons
100%
Elrond Elves
100%
Frodo Hobbits
100%
Sméagol Hobbits
98%
Gandalf Maiar
98%
Thrór Dwarves
95%
Radagast Maiar
95%
Durin the Deathless Dwarves
93%
Fangorn Ents
93%
Helm Men
93%
Thranduil Elves
88%
Ancalagon Dragons
81%
Ossë Maiar
76%
Glaurung Dragons
75%
Mîm Dwarves
75%
Caranthir Elves
75%
Húrin Men
73%
Melian Maiar
68%
Turgon Elves
59%
Lagduf Orcs
58%
Elanor Hobbits
56%
Imrahil Men
56%
Narvi Dwarves
53%
Harry Goatleaf Men
46%
Galion Elves
44%
Mauhúr Orcs
42%
Golfimbul Orcs
34%
Telchar Dwarves
32%
Cirion Men
32%
Elfstan Fairbairn Hobbits
31%
Finglas Ents
20%
Bregalad Ents
17%
No matching quizzes found
Score Distribution
Percent of People with Each Score
Percentile by Number Answered
Your Score History
You have not taken this quiz